000 00617nam a2200205 4500
001 143836
003 ES-MaACL
005 20230906200903.0
007 t|
008 070214s1931 fr r ||||1| fre d
100 1 _aSforza, Carlo
_cConte.
_9105969
245 1 0 _aDictateurs et dictatures de l'après-guerre /
_cpar le Cte. Sforza.
250 _a8è éd.
260 _aParis :
_bGallimard,
_c1931 (
_fF. Chantenay)
300 _a267 p. ;
_c19 x 12 cm.
490 1 _aLes contemporains vus de près
830 0 _aLes contemporains vus de près
_9187287
852 _aES-MaACL
_jB-12853
999 _c143836
_d143836